MARC

LEADER 00000nam0a2200000 4500
001 107062
005 20231031115128.0
035 |a (RuTPU)RU\TPU\book\115602 
090 |a 107062 
100 |a 20061216d1950 k y0rusy50 ca 
101 0 |a rus 
102 |a RU 
105 |a a z 001zy 
200 1 |a Формирование подземных вод по побережью северных морей в зоне вечной мерзлоты  |f В. М. Пономарев  |g АН СССР; Институт мерзлотоведения 
210 |a Москва  |c Изд-во АН СССР  |d 1950 
215 |a 95 с.  |c ил. 
320 |a Библиогр.: с. 94-95 
610 1 |a воды подземные 
610 1 |a формирование 
610 1 |a северные моря 
610 1 |a вечная мерзлота 
610 1 |a гидрогеология 
675 |a 556.3  |v 3 
700 1 |a Пономарев  |b В. М. 
712 0 2 |a Академия наук СССР (АН СССР)  |b Сибирское отделение (СО)  |b Институт мерзлотоведения (ИМЗ)  |c (Якутск)  |2 stltpush  |3 (RuTPU)RU\TPU\col\12256 
801 1 |a RU  |b 63413507  |c 20061216  |g PSBO 
801 2 |a RU  |b 63413507  |c 20091019  |g PSBO 
900 |a Формирование водных ресурсов 
942 |c BK